000 00646nam a2200181Ia 4500
008 090123s9999 xx 000 0 und d
082 _b19856
_a891.463/बेलव
100 _aबेलवलकर वासुदेव
245 _aकळस चढविला मंदिरी
250 _a1
260 _bस्मिता प्रकाशन
_c1988
300 _a527
600 _aबेलवलकर वासुदेव
630 _aकळस चढविला मंदिरी
700 _aबेलवलकर वासुदेव
730 _aकळस चढविला मंदिरी
942 _cBOOK
999 _c57927
_d57927